| 000 | 00576cam a22002291 4500 | ||
|---|---|---|---|
| 001 | sa 63003708 | ||
| 003 | DLC | ||
| 005 | 20260227111943.0 | ||
| 008 | 950213s1962 ii 000 0 hino | ||
| 010 | _asa 63003708 | ||
| 025 | _aPL480:I-H-542 | ||
| 035 | _a(OCoLC)31978179 | ||
| 040 |
_aDLC _cCU _dCU _dDLC |
||
| 042 | _apremarc | ||
| 050 | 0 | 0 |
_aDS485.B66 _bS9 |
| 100 | 1 | _aŚukla, Madanamohana. | |
| 245 | 1 | 0 | _aMahārāshṭra prabhāta kā itihāsa. |
| 260 | _c[1962] | ||
| 300 |
_a124 p. _c19 cm. |
||
| 500 | _aIn Hindi. | ||
| 651 | 0 |
_aMaharashtra (India) _xHistory. |
|
| 999 |
_c55243 _d55243 |
||